00778nam a22001697a 4500003000400000005001700004008004100021040002200062082002000084100002000104245006900124260004100193300003200234520031100266546001300577700001800590OSt20260504013326.0260504b |||||||| |||| 00| 0 eng d aDWCL GS lib cOC  aFic. K26n 1996  aKeene, Carolyn  anancy drew mystery stories 9b: the sign of the twisted candles  aNew York bGrosset & Dunlap cc1933  a175 billustrations c19cm  aIn The Sign of the Twisted Candles (Book 9), Nancy Drew investigates the mysterious, trapped life of 100-year-old Asa Sidney at a roadside inn. While navigating a family feud, a stolen fortune, and a difficult friendship, Nancy uncovers hidden treasures and a secret identity to bring swindlers to justice. aEnglish  aCarolyn Keene